[Event "Mindsports"]
[Site "Beijing CHN"]
[Date "2008.10.04"]
[EventDate "2008.10.04"]
[Round "6"]
[Result "0-1"]
[White "Natalia Pogonina"]
[Black "Natalia Zdebskaja"]
[WhiteElo "2474"]
[BlackElo "2419"]
[PlyCount "130"]

1. e4 c5 2. Nf3 d6 3. d4 cxd4 4. Nxd4 Nf6 5. Nc3 a6 6. Be2 e5
7. Nb3 Be7 8. Be3 Be6 9. O-O O-O 10. Qd2 Nbd7 11. a4 Rc8
12. a5 Qc7 13. Rfc1 Qc6 14. Bf3 Qc7 15. Nd5 Bxd5 16. exd5 Qc4
17. Qd1 e4 18. Nd2 Qxd5 19. Nxe4 Qxd1+ 20. Rxd1 Rxc2 21. Nxd6
Bxd6 22. Rxd6 Rxb2 23. g3 Ne5 24. Bg2 Nc4 25. Rd3 Nxe3
26. Rxe3 Ng4 27. Rf3 Ne5 28. Rc3 Rd8 29. Rc7 b6 30. axb6 Rxb6
31. Ra7 h5 32. h3 Rb2 33. R7xa6 Rdd2 34. Rf1 g6 35. Be4 Kg7
36. Ra7 Re2 37. Ra4 f5 38. Bg2 Nd3 39. Ra7+ Kh6 40. g4 hxg4
41. hxg4 Nxf2 42. gxf5 gxf5 43. Ra8 Kg5 44. Rg8+ Kf4 45. Rg7
Red2 46. Rg8 Re2 47. Rg7 Rbd2 48. Rg8 Rd1 49. Rf8 Rxf1+
50. Bxf1 Rd2 51. Bg2 Ng4 52. Bh3 Rd1+ 53. Kg2 Ne3+ 54. Kf2
Rd2+ 55. Ke1 Rh2 56. Bxf5 Nxf5 57. Kd1 Ke4 58. Kc1 Ne3
59. Re8+ Kd3 60. Rd8+ Kc3 61. Kb1 Nc4 62. Rd1 Rb2+ 63. Ka1 Rb4
64. Rh1 Ra4+ 65. Kb1 Nd2+ 0-1

[Event "Mindsports"]
[Site "Beijing CHN"]
[Date "2008.10.04"]
[EventDate "2008.10.04"]
[Round "8"]
[Result "0-1"]
[White "Natalia Pogonina"]
[Black "Hoang Thi Bao Tram"]
[WhiteElo "2474"]
[BlackElo "2250"]
[PlyCount "40"]

1. e4 e5 2. Nf3 Nf6 3. Nxe5 d6 4. Nf3 Nxe4 5. Nc3 Nxc3 6. dxc3
Be7 7. Bf4 Nd7 8. Qd2 O-O 9. O-O-O Nc5 10. Be3 Ne6 11. g4 c6
12. g5 Qa5 13. Kb1 Nc5 14. h4 Be6 15. b3 Ne4 16. Qd3 Nxc3+
17. Kb2 Nxd1+ 18. Qxd1 d5 19. Nd4 Ba3+ 20. Kb1 Qc3 0-1

[Event "Mindsports"]
[Site "Beijing CHN"]
[Date "2008.10.04"]
[EventDate "2008.10.04"]
[Round "11"]
[Result "1-0"]
[White "Natalia Pogonina"]
[Black "Petra Schuurman"]
[WhiteElo "2474"]
[BlackElo "2324"]
[PlyCount "103"]

1. e4 c6 2. d4 d5 3. Nc3 dxe4 4. Nxe4 Bf5 5. Ng3 Bg6 6. h4 h6
7. Nf3 Nd7 8. h5 Bh7 9. Bd3 Bxd3 10. Qxd3 e6 11. Bd2 Ngf6
12. O-O-O Be7 13. Qe2 Qc7 14. Kb1 c5 15. dxc5 Nxc5 16. Ne5 Rc8
17. Bf4 Qa5 18. Nc4 Qa6 19. Nd6+ Bxd6 20. Qxa6 Nxa6 21. Bxd6
Nd5 22. Ne4 f5 23. Ng3 Nac7 24. Rhe1 Kf7 25. c4 Nf6 26. Nxf5
Nce8 27. Ng3 Rc6 28. Be5 Rxc4 29. Rc1 Rxc1+ 30. Rxc1 Nd5
31. Ne4 b6 32. Rc8 Rf8 33. f3 Nef6 34. Rxf8+ Kxf8 35. Nxf6
Nxf6 36. g4 Ke7 37. Kc2 Kd7 38. Kd3 Kc6 39. Kd4 a6 40. a4 b5
41. a5 Kb7 42. Kc5 Nd7+ 43. Kd6 Nxe5 44. Kxe5 Kc6 45. Kxe6 b4
46. Kf7 Kb5 47. Kxg7 Kxa5 48. Kxh6 Kb5 49. g5 a5 50. g6 a4
51. g7 a3 52. bxa3 1-0

[Event "Mindsports"]
[Site "Beijing CHN"]
[Date "2008.10.05"]
[EventDate "2008.10.05"]
[Round "1"]
[Result "0-1"]
[White "Ghate Swathi"]
[Black "Natalia Pogonina"]
[WhiteElo "2320"]
[BlackElo "2474"]
[PlyCount "50"]

1. e4 c5 2. Nf3 d6 3. d4 cxd4 4. Nxd4 Nf6 5. Nc3 g6 6. Be3 Bg7
7. f3 O-O 8. Qd2 Nc6 9. Bc4 Bd7 10. O-O-O Rc8 11. Bb3 Nxd4
12. Bxd4 b5 13. Nd5 Nxd5 14. Bxg7 Kxg7 15. exd5 a5 16. a3 b4
17. axb4 axb4 18. Qxb4 Rc5 19. Rhe1 Kg8 20. Rd4 Qa8 21. Kd1
Rb8 22. Qd2 Qa1+ 23. Ke2 Qxb2 24. Kf1 Rxb3 25. cxb3 Bb5+ 0-1

[Event "Mindsports"]
[Site "Beijing CHN"]
[Date "2008.10.05"]
[EventDate "2008.10.05"]
[Round "2"]
[Result "1/2-1/2"]
[White "Natalia Pogonina"]
[Black "Tatjana Vasilevich"]
[WhiteElo "2474"]
[BlackElo "2368"]
[PlyCount "115"]

1. e4 c5 2. Nf3 a6 3. c4 Nc6 4. d4 cxd4 5. Nxd4 e6 6. Be2 Nf6
7. Nc3 Bb4 8. O-O Bxc3 9. bxc3 Nxe4 10. Qc2 Nxd4 11. cxd4 Nf6
12. Ba3 d6 13. Rab1 O-O 14. Bf3 Qc7 15. Rfc1 Rb8 16. Qb3 Rd8
17. Qb6 Qxb6 18. Rxb6 d5 19. Bd6 Ra8 20. Be7 Re8 21. Bxf6 gxf6
22. cxd5 exd5 23. Bxd5 Be6 24. Bxe6 Rxe6 25. Rxb7 Rae8 26. g3
Re1+ 27. Rxe1 Rxe1+ 28. Kg2 Ra1 29. Rb2 Kf8 30. Kf3 Ke7
31. Ke4 a5 32. Kf5 a4 33. Re2+ Kf8 34. Kxf6 Rb1 35. d5 Rb6+
36. Ke5 Ke7 37. Re4 Rb2 38. Rxa4 f6+ 39. Kd4 Rxf2 40. Ra7+ Kd6
41. Rxh7 Rxa2 42. Rh6 Ra4+ 43. Ke3 Ke5 44. Rh5+ f5 45. d6 Ra3+
46. Kf2 Ra2+ 47. Kg1 Ke4 48. Rh4+ Ke5 49. Rh6 Ke4 50. Rf6 Rd2
51. Kh1 Ke5 52. Rf8 Rxd6 53. Re8+ Kf6 54. Re2 Kg5 55. Kg2 Rd4
56. Rf2 f4 57. gxf4+ Rxf4 58. Rxf4 1/2-1/2

[Event "Mindsports"]
[Site "Beijing CHN"]
[Date "2008.10.05"]
[EventDate "2008.10.05"]
[Round "3"]
[Result "1/2-1/2"]
[White "Natalia Zdebskaja"]
[Black "Natalia Pogonina"]
[WhiteElo "2419"]
[BlackElo "2474"]
[PlyCount "75"]

1. e4 c5 2. Nf3 d6 3. d4 cxd4 4. Nxd4 Nf6 5. Nc3 g6 6. Be2 Bg7
7. O-O O-O 8. Bg5 Nc6 9. Nb3 Be6 10. Kh1 Qc8 11. f4 Rd8
12. Bf3 a6 13. Nd5 Bxd5 14. exd5 Nb8 15. Re1 Re8 16. Qd3 Nbd7
17. c4 Nc5 18. Nxc5 Qxc5 19. f5 Rac8 20. Rac1 Nd7 21. b3 Bf6
22. fxg6 hxg6 23. Bf4 Ne5 24. Bxe5 Bxe5 25. Bg4 Rcd8 26. Rf1
Kg7 27. Qf3 Bf6 28. Rce1 Qd4 29. Re4 Qb2 30. Re2 Qd4 31. Re4
Qb2 32. Re2 Qd4 33. Re4 Qb2 34. h4 Rh8 35. Bh3 Rdf8 36. Bg4
Rd8 37. h5 Rdf8 38. Qd3 1/2-1/2

[Event "Mindsports"]
[Site "Beijing CHN"]
[Date "2008.10.06"]
[EventDate "2008.10.05"]
[Round "4"]
[Result "1-0"]
[White "Natalia Pogonina"]
[Black "Jovanka Houska"]
[WhiteElo "2474"]
[BlackElo "2399"]
[PlyCount "107"]

1. e4 d5 2. exd5 Qxd5 3. Nc3 Qa5 4. Nf3 Nf6 5. d4 c6 6. Bc4
Bf5 7. O-O e6 8. Bf4 Nbd7 9. a3 Nd5 10. Nxd5 cxd5 11. Bd3 Bxd3
12. Qxd3 Be7 13. Ne5 Nxe5 14. Bxe5 O-O 15. Rae1 Qd8 16. c3 Rc8
17. Re3 Bf6 18. Rfe1 Bxe5 19. Rxe5 Rc4 20. f4 g6 21. Qg3 Kh8
22. h4 h5 23. Rg5 Rg8 24. Qf3 Rc6 25. Re3 Rb6 26. Qe2 Qf6
27. Rf3 Qd8 28. f5 exf5 29. Rfxf5 Re6 30. Qf3 f6 31. Rxd5 Qe7
32. Rg3 Re1+ 33. Kh2 Re4 34. Rh3 Re8 35. Qg3 Rg4 36. Qf2 Qc7+
37. Kg1 Qc6 38. Rc5 Qe6 39. Rf3 Qe1+ 40. Qxe1 Rxe1+ 41. Kf2
Rb1 42. Rc8+ Kg7 43. Rc7+ Kh6 44. Rxb7 f5 45. g3 Rc1 46. Rf4
Rxf4+ 47. gxf4 Rh1 48. d5 Rxh4 49. Kg3 Rg4+ 50. Kf3 Rg1 51. d6
Rd1 52. d7 h4 53. c4 Kh5 54. d8=Q 1-0

[Event "Mindsports"]
[Site "Beijing CHN"]
[Date "2008.10.06"]
[EventDate "2008.10.05"]
[Round "6"]
[Result "1/2-1/2"]
[White "Natalia Pogonina"]
[Black "Huang Qian"]
[WhiteElo "2474"]
[BlackElo "2430"]
[PlyCount "139"]

1. e4 c5 2. Nf3 d6 3. d4 cxd4 4. Nxd4 Nf6 5. Nc3 a6 6. Be2 e5
7. Nb3 Be7 8. O-O O-O 9. Be3 Be6 10. Qd2 Nbd7 11. a4 Rc8
12. a5 Qc7 13. Rfc1 Nc5 14. Nxc5 dxc5 15. f3 c4 16. Na4 Nd7
17. Qe1 Qc6 18. Kh1 Rfd8 19. Bf1 Kf8 20. Bd2 Qb5 21. b4 h6
22. c3 Qc6 23. Be3 Bg5 24. Rd1 Bxe3 25. Qxe3 Ke8 26. Be2 Ke7
27. Qf2 f6 28. h3 Bf7 29. Qf1 g5 30. Nb2 h5 31. Rd2 Nf8
32. Rxd8 Kxd8 33. Rd1+ Ke7 34. Rd2 Ng6 35. Nd1 Nf4 36. g3 Nxe2
37. Qxe2 Be6 38. Kg2 Rd8 39. Ne3 Rxd2 40. Qxd2 Qd7 41. Qxd7+
Kxd7 42. h4 Ke7 43. Kf2 Kf7 44. Nd1 gxh4 45. gxh4 Ke7 46. Ne3
Kd7 47. Nf1 Bf7 48. Ng3 Bg6 49. Ke3 Bf7 50. f4 Bg6 51. fxe5
fxe5 52. Nf1 Bf7 53. Nd2 Kd6 54. Nf3 Be8 55. Nh2 Bg6 56. Nf1
Ke7 57. Ng3 Ke6 58. Nh1 Ke7 59. Nf2 Bf7 60. Nd1 Be8 61. Kf3
Kf6 62. Ne3 Bf7 63. Nc2 Ke7 64. Na3 Kd6 65. b5 Be6 66. bxa6
bxa6 67. Ke3 Kc5 68. Kf3 Bg4+ 69. Ke3 Bd1 70. Kd2 1/2-1/2

[Event "Mindsports"]
[Site "Beijing CHN"]
[Date "2008.10.07"]
[EventDate "2008.10.05"]
[Round "8"]
[Result "1-0"]
[White "Natalia Pogonina"]
[Black "Jolanta Zawadzka"]
[WhiteElo "2474"]
[BlackElo "2378"]
[PlyCount "61"]

1. e4 e5 2. Nf3 Nc6 3. Bb5 a6 4. Ba4 Nf6 5. O-O b5 6. Bb3 Bc5
7. d3 Bb7 8. Be3 d6 9. c3 O-O 10. Nbd2 Nd7 11. Qe2 h6 12. Rfe1
Kh8 13. Nf1 Ne7 14. d4 exd4 15. Bxd4 Bxd4 16. cxd4 c5 17. Rad1
Qc7 18. Ng3 Ng6 19. Qd2 Nf6 20. e5 dxe5 21. Nxe5 Rad8 22. Qc1
Nxe5 23. dxe5 Nh7 24. Nf5 Qc6 25. f3 c4 26. Bc2 Ng5 27. Qe3
Rfe8 28. Nd6 f6 29. Nxe8 Rxe8 30. exf6 Rg8 31. fxg7+ 1-0

[Event "Mindsports"]
[Site "Beijing CHN"]
[Date "2008.10.07"]
[EventDate "2008.10.05"]
[Round "9"]
[Result "1/2-1/2"]
[White "Zhao Xue"]
[Black "Natalia Pogonina"]
[WhiteElo "2518"]
[BlackElo "2474"]
[PlyCount "63"]

1. d4 Nf6 2. Nf3 c5 3. d5 b5 4. Bg5 d6 5. e4 a6 6. Nbd2 g6
7. a4 bxa4 8. Rxa4 Bg7 9. Bd3 O-O 10. O-O h6 11. Bh4 Nbd7
12. Nc4 Nb6 13. Nxb6 Qxb6 14. Ra2 Bd7 15. Nd2 Rfb8 16. h3 a5
17. Nc4 Qc7 18. Qd2 a4 19. Bxf6 Bxf6 20. Qxh6 Bb5 21. c3 Bxc4
22. Bxc4 a3 23. bxa3 Bxc3 24. Qe3 Bd4 25. Qd3 Qa5 26. g3 Rb6
27. Rb1 Rab8 28. Rxb6 Rxb6 29. Kg2 Rb2 30. Rxb2 Bxb2 31. Qb3
Qxa3 32. Qxa3 1/2-1/2

[Event "Mindsports"]
[Site "Beijing CHN"]
[Date "2008.10.13"]
[EventDate "2008.10.13"]
[Round "1"]
[Result "0-1"]
[White "Altanulzii Enkhtuul"]
[Black "Natalia Pogonina"]
[WhiteElo "1977"]
[BlackElo "2474"]
[PlyCount "139"]

1. b4 e5 2. Bb2 d6 3. c4 Nf6 4. e3 Be7 5. d4 exd4 6. exd4 d5
7. a3 O-O 8. Nf3 Bg4 9. c5 Nc6 10. Be2 Ne4 11. Nbd2 Bf6
12. O-O Re8 13. Nb3 a6 14. h3 Bh5 15. Re1 Qd7 16. Nfd2 Nxd2
17. Qxd2 Bxe2 18. Rxe2 Rxe2 19. Qxe2 Re8 20. Qd2 Qe7 21. Kf1
Bg5 22. Qc2 h6 23. Bc3 Qf6 24. Kg1 Qf4 25. a4 Bf6 26. Rd1 Re4
27. Qd2 Qxd2 28. Nxd2 Re6 29. Nf3 Re2 30. b5 axb5 31. axb5 Na7
32. Rb1 b6 33. cxb6 cxb6 34. Ne5 Rc2 35. Ba1 Ra2 36. Bc3 Ra3
37. Bd2 Ra4 38. Be3 Bxe5 39. dxe5 d4 40. Bd2 Ra2 41. Bf4 Ra5
42. Rb4 Nxb5 43. Kh2 Kf8 44. Rc4 Ke7 45. Rc6 Nc3 46. Rxb6 Nd5
47. Rb7+ Ke6 48. Bg3 d3 49. Rb2 Rc5 50. Rd2 Nb4 51. f4 Rc2
52. Be1 Kd5 53. Kg1 Kc4 54. Kf2 Nd5 55. g3 Nc3 56. Kf3 Nb1
57. Rd1 Nc3 58. Bxc3 Kxc3 59. Ke3 Re2+ 60. Kf3 Kc2 61. Ra1 Rd2
62. Ra2+ Kc3 63. Ra3+ Kb4 64. Ra7 Rd1 65. Rb7+ Kc3 66. Rc7+
Kd2 67. Rd7 Ke1 68. Ke3 d2 69. Rd3 Rb1 70. Kd4 0-1

[Event "Mindsports"]
[Site "Beijing CHN"]
[Date "2008.10.13"]
[EventDate "2008.10.13"]
[Round "2"]
[Result "1-0"]
[White "Natalia Pogonina"]
[Black "Ilze Berzina"]
[WhiteElo "2474"]
[BlackElo "2320"]
[PlyCount "81"]

1. e4 c6 2. d4 d5 3. Nc3 dxe4 4. Nxe4 Nd7 5. Bd3 Ngf6 6. Ng5
e6 7. Qe2 Bd6 8. N1f3 h6 9. Ne4 Nxe4 10. Qxe4 Nf6 11. Qe2 b6
12. Bd2 Bb7 13. O-O-O Qc7 14. Ne5 O-O-O 15. f4 Nd5 16. Kb1 c5
17. dxc5 Bxc5 18. Rhf1 Kb8 19. a3 Rd6 20. g4 Rhd8 21. g5 f6
22. gxf6 gxf6 23. Nc4 Rc6 24. f5 e5 25. Bxh6 Bd4 26. Ne3 Nxe3
27. Bxe3 Rcd6 28. Bc1 Rg8 29. Be4 Bxe4 30. Qxe4 Rgd8 31. h4
Qc5 32. h5 Qb5 33. Qd3 Qc6 34. Qb3 e4 35. h6 Qe8 36. h7 Qh8
37. Rh1 R6d7 38. Bf4+ Ka8 39. Qe6 Qf8 40. Qxe4+ Rb7 41. Rxd4
1-0

[Event "Mindsports"]
[Site "Beijing CHN"]
[Date "2008.10.13"]
[EventDate "2008.10.13"]
[Round "4"]
[Result "1-0"]
[White "Natalia Pogonina"]
[Black "Zhao Xue"]
[WhiteElo "2474"]
[BlackElo "2518"]
[PlyCount "189"]

1. e4 e5 2. Nf3 Nc6 3. Bb5 a6 4. Ba4 Nf6 5. d3 b5 6. Bb3 Be7
7. O-O d6 8. a4 b4 9. a5 O-O 10. h3 Rb8 11. Nbd2 Be6 12. Bc4
Qc8 13. Re1 Re8 14. Nb3 Bf8 15. Bg5 Bxc4 16. dxc4 Qe6 17. Qd3
Nd7 18. Qd5 Ne7 19. Qxe6 fxe6 20. Rad1 Nc6 21. Be3 h6 22. Nh2
Be7 23. Nf3 Rf8 24. Rd3 Nf6 25. Bc1 Nd7 26. Be3 Nf6 27. Nfd2
Nd7 28. Nf3 Nf6 29. Bc1 Nd7 30. Be3 Nf6 31. Bc1 Nd7 32. Be3
Nd8 33. Rdd1 c5 34. Nh2 Nc6 35. Nf1 Nd4 36. Rd2 Rbc8 37. f3
Nb8 38. Ra1 Bh4 39. Nh2 Be7 40. Ng4 Nbc6 41. Nf2 Rfd8 42. Rd3
Nxc2 43. Rc1 Nxe3 44. Rxe3 Bg5 45. Ree1 Bxc1 46. Rxc1 Nd4
47. Nxd4 exd4 48. Nd3 e5 49. Kf2 Kf7 50. b3 Ke6 51. Rb1 Rf8
52. Ke2 Rf7 53. Rc1 g5 54. Rh1 Rg8 55. Rg1 h5 56. Rh1 Rf6
57. Kf2 g4 58. hxg4 hxg4 59. Rh4 gxf3 60. gxf3 Rfg6 61. Rh2
Kd7 62. Ne1 Kc6 63. Ng2 Rf8 64. Ne1 Rg4 65. Ke2 Rg1 66. Rh7
Rxe1+ 67. Kxe1 Rxf3 68. Ra7 Rxb3 69. Rxa6+ Kc7 70. Ra7+ Kc6
71. Ra6+ Kd7 72. Ra7+ Ke6 73. a6 Ra3 74. Ra8 Ra2 75. a7 Ra1+
76. Kd2 Ra2+ 77. Kc1 Ra6 78. Re8+ Kf6 79. a8=Q Rxa8 80. Rxa8
Kg5 81. Rd8 Kf4 82. Rxd6 Kxe4 83. Kd2 Kf3 84. Rf6+ Ke4 85. Rc6
Kf3 86. Rxc5 e4 87. Rf5+ Kg4 88. Rf8 b3 89. c5 Kg3 90. Ke2 e3
91. c6 b2 92. Rb8 Kf4 93. Rxb2 Ke4 94. Rb4 Kd5 95. c7 1-0

[Event "Mindsports"]
[Site "Beijing CHN"]
[Date "2008.10.13"]
[EventDate "2008.10.13"]
[Round "5"]
[Result "0-1"]
[White "Alena Mrvova"]
[Black "Natalia Pogonina"]
[WhiteElo "2205"]
[BlackElo "2474"]
[PlyCount "152"]

1. e4 c5 2. Nf3 d6 3. d4 cxd4 4. Nxd4 Nf6 5. Nc3 g6 6. Be2 Bg7
7. O-O O-O 8. f4 Nc6 9. Nb3 Qb6+ 10. Kh1 Be6 11. f5 Bxb3
12. axb3 Ne5 13. Bf4 Qc6 14. Bf3 Nxf3 15. Qxf3 a6 16. Rf2 Rad8
17. Rd1 Rfe8 18. Nd5 Nxd5 19. exd5 Qd7 20. fxg6 fxg6 21. c3
Rf8 22. Qe3 Rf5 23. Bg3 Rdf8 24. c4 Rxf2 25. Bxf2 Bxb2 26. Bg3
Rf7 27. h3 Qf5 28. Rd3 Bf6 29. Kh2 Bg5 30. Qe2 Bf4 31. Rf3
Bxg3+ 32. Rxg3 Qf4 33. Qd3 Rf5 34. Qe3 Qxe3 35. Rxe3 Kf7
36. Kg3 Rf1 37. Re2 Rb1 38. Re3 Rb2 39. Kf3 b5 40. cxb5 axb5
41. g4 g5 42. Ke4 h6 43. Kd4 Rc2 44. Rf3+ Ke8 45. Ke4 b4
46. Kd4 Kd7 47. Re3 Rc5 48. Rf3 e5+ 49. dxe6+ Kxe6 50. Re3+
Re5 51. Rf3 Rc5 52. Re3+ Kf6 53. Rf3+ Ke7 54. Re3+ Kd7 55. Rf3
Rc1 56. Re3 Kc6 57. Rf3 Rc2 58. Ke4 d5+ 59. Kd4 Rd2+ 60. Ke5
Kc5 61. Kf5 Re2 62. Kg6 Re6+ 63. Kf5 Ra6 64. Ke5 Ra1 65. Rd3
Re1+ 66. Kf5 d4 67. Kg6 Re3 68. Rd1 d3 69. Kxh6 Kd4 70. Kxg5
Rxh3 71. Kf4 Kc3 72. g5 d2 73. g6 Rh2 74. Kf3 Rh6 75. Ke2 Rxg6
76. Rb1 Re6+ 0-1

[Event "Mindsports"]
[Site "Beijing CHN"]
[Date "2008.10.13"]
[EventDate "2008.10.13"]
[Round "6"]
[Result "1-0"]
[White "Natalia Pogonina"]
[Black "Hoang Thi Bao Tram"]
[WhiteElo "2474"]
[BlackElo "2250"]
[PlyCount "83"]

1. e4 e5 2. Nf3 Nf6 3. Nxe5 d6 4. Nf3 Nxe4 5. Nc3 Nxc3 6. dxc3
Be7 7. Be3 O-O 8. Qd2 Nd7 9. O-O-O Nc5 10. Bc4 Be6 11. Bxe6
Nxe6 12. h4 Qd7 13. h5 f5 14. g3 Rf7 15. h6 g6 16. Qd5 c6
17. Qd2 Qc7 18. Ng5 Nxg5 19. Bxg5 Bxg5 20. Qxg5 Re8 21. Rhe1
Rfe7 22. Rxe7 Rxe7 23. c4 Re6 24. Qf4 Qe7 25. Qd4 Qf8 26. Qxa7
Qxh6+ 27. f4 Qg7 28. Qb8+ Qf8 29. Qxb7 Qe8 30. Qb4 c5 31. Qd2
Qe7 32. b3 Qf6 33. Kb1 h5 34. a4 Qe7 35. a5 Kf7 36. Qd5 Kg7
37. a6 Re1 38. Rxe1 Qxe1+ 39. Kb2 Qc1+ 40. Kxc1 Kh6 41. Qb7 h4
42. Qf3 1-0

[Event "Mindsports"]
[Site "Beijing CHN"]
[Date "2008.10.13"]
[EventDate "2008.10.13"]
[Round "8"]
[Result "1-0"]
[White "Natalia Pogonina"]
[Black "Dronavalli Harika"]
[WhiteElo "2474"]
[BlackElo "2461"]
[PlyCount "91"]

1. e4 c5 2. Nf3 Nc6 3. d4 cxd4 4. Nxd4 Nf6 5. Nc3 e5 6. Ndb5
d6 7. a4 a6 8. Na3 Bg4 9. f3 Be6 10. Bc4 Qb6 11. Nd5 Bxd5
12. exd5 Ne7 13. c3 g6 14. Qd3 Bg7 15. Be3 Qd8 16. O-O O-O
17. b4 Nf5 18. Bf2 Nh5 19. g3 Ne7 20. a5 f5 21. Bb3 Nf6
22. Rac1 g5 23. Nc4 g4 24. Nd2 gxf3 25. Qxf3 Ng4 26. Bb6 Qd7
27. c4 e4 28. Qe2 Ng6 29. c5 Bd4+ 30. Kh1 Qg7 31. c6 Rae8
32. c7 Be5 33. Nxe4 Rc8 34. Ng5 Qh6 35. Nf3 Bxg3 36. Qg2 Be5
37. Nxe5 dxe5 38. d6+ Kh8 39. d7 Nf4 40. Rxf4 exf4 41. dxc8=Q
Rxc8 42. Rd1 f3 43. Qg3 Qc6 44. Bd5 Qc2 45. Bxf3 Rg8 46. Rd8
1-0

[Event "Mindsports"]
[Site "Beijing CHN"]
[Date "2008.10.14"]
[EventDate "2008.10.13"]
[Round "1.1"]
[Result "1-0"]
[White "Natalia Pogonina"]
[Black "Hoang Thi Bao Tram"]
[WhiteElo "2474"]
[BlackElo "2250"]
[PlyCount "85"]

1. e4 e5 2. Nf3 Nf6 3. Nxe5 d6 4. Nf3 Nxe4 5. Nc3 Nf6 6. d4
Be7 7. d5 O-O 8. Be2 Bf5 9. O-O h6 10. Be3 a6 11. a4 Re8
12. a5 Nbd7 13. b4 Bf8 14. h3 Ne4 15. Nxe4 Bxe4 16. c4 Qf6
17. Qd2 Ne5 18. Nxe5 Qxe5 19. Bd3 Bxd3 20. Qxd3 Qe4 21. Qb3 c6
22. Rad1 cxd5 23. Rxd5 Rac8 24. Rd4 Qe6 25. Rfd1 Rc6 26. b5
axb5 27. Qxb5 Qc8 28. Bf4 Re6 29. Bg3 Be7 30. Qb3 Bf6 31. Rxd6
Rexd6 32. Rxd6 Rxc4 33. Rb6 Rc3 34. Qd5 Rc5 35. Qb3 Rc3
36. Qb4 Rc1+ 37. Kh2 Qc2 38. Rxb7 Qd1 39. Rb8+ Kh7 40. Qe4+ g6
41. Be5 Qh1+ 42. Kg3 Re1 43. Bxf6 1-0

[Event "Mindsports"]
[Site "Beijing CHN"]
[Date "2008.10.14"]
[EventDate "2008.10.13"]
[Round "1.2"]
[Result "1-0"]
[White "Hoang Thi Bao Tram"]
[Black "Natalia Pogonina"]
[WhiteElo "2250"]
[BlackElo "2474"]
[PlyCount "99"]

1. d4 Nf6 2. c4 c5 3. Nf3 cxd4 4. Nxd4 g6 5. Nc3 Bg7 6. e4 d6
7. Be2 Nc6 8. Nc2 O-O 9. O-O Nd7 10. Be3 Nc5 11. Nd4 a5
12. Rc1 Bd7 13. f3 Nxd4 14. Bxd4 Bc6 15. Kh1 Bxd4 16. Qxd4 e5
17. Qe3 Qe7 18. Rfd1 Rfd8 19. Bf1 Ne6 20. b3 Nd4 21. Ne2 Nxe2
22. Bxe2 Qe6 23. Rd2 Qe7 24. Rcd1 Qc7 25. Qg5 Be8 26. h4 Kg7
27. h5 h6 28. Qg3 Kh7 29. hxg6+ fxg6 30. Qh4 Bc6 31. Qf6 Rf8
32. Qxd6 Qxd6 33. Rxd6 Rae8 34. Kh2 g5 35. a3 g4 36. b4 axb4
37. axb4 gxf3 38. gxf3 Rf4 39. Kg3 Rg8+ 40. Kf2 Bxe4 41. Rd7+
Rg7 42. Rxg7+ Kxg7 43. Rd7+ Kg6 44. Ke3 Bc6 45. Re7 Rf7
46. Rxe5 h5 47. f4 h4 48. Bh5+ Kf6 49. Bxf7 Kxf7 50. Rh5 1-0

[Event "Mindsports"]
[Site "Beijing CHN"]
[Date "2008.10.14"]
[EventDate "2008.10.13"]
[Round "2.1"]
[Result "1/2-1/2"]
[White "Zhao Xue"]
[Black "Natalia Pogonina"]
[WhiteElo "2518"]
[BlackElo "2474"]
[PlyCount "92"]

1. d4 Nf6 2. Nf3 c5 3. d5 b5 4. Bg5 d6 5. e4 a6 6. Nbd2 g6
7. a4 bxa4 8. Bd3 Bg7 9. O-O O-O 10. Rxa4 Nbd7 11. h3 Nb6
12. Ra3 a5 13. Qe2 Bd7 14. Nc4 a4 15. Bd2 Nh5 16. Ba5 Nf4
17. Qd2 Nxc4 18. Qxf4 Nxa5 19. c3 Nb3 20. Re1 Qb6 21. Qh4 Bf6
22. Qh6 Bb5 23. Bb1 Bg7 24. Qh4 h6 25. Qxe7 Rae8 26. Qh4 f5
27. Qg3 fxe4 28. Qxg6 Rf6 29. Qh5 Qd8 30. Bxe4 Ref8 31. Re3
Be8 32. Qg4 Bd7 33. Qg3 Na5 34. Ra1 Nc4 35. Re2 Qb6 36. Rae1
Kh8 37. Nh4 Kg8 38. Ng6 Rb8 39. Ne7+ Kh8 40. Ng6+ Kg8 41. Ne7+
Kh8 42. Ng6+ Kg8 43. Ne7+ Kh8 44. Ng6+ Kg8 45. Ne7+ Kh8
46. Ng6+ Kg8 1/2-1/2

[Event "Mindsports"]
[Site "Beijing CHN"]
[Date "2008.10.14"]
[EventDate "2008.10.13"]
[Round "2.2"]
[Result "1-0"]
[White "Natalia Pogonina"]
[Black "Zhao Xue"]
[WhiteElo "2474"]
[BlackElo "2518"]
[PlyCount "75"]

1. e4 d6 2. d4 Nf6 3. Nc3 g6 4. Be3 c6 5. Qd2 b5 6. Bd3 Nbd7
7. Nf3 Bg7 8. O-O e5 9. dxe5 dxe5 10. h3 O-O 11. a4 b4 12. Ne2
a5 13. Ng3 Qe7 14. c3 c5 15. Qc2 Bb7 16. Rfd1 Rac8 17. Bb5
Rfd8 18. Rd2 c4 19. cxb4 axb4 20. Rad1 b3 21. Qc3 h5 22. Qa5
h4 23. Nxh4 Nxe4 24. Nxg6 fxg6 25. Nxe4 Bxe4 26. Rxd7 Rxd7
27. Rxd7 Qf6 28. Qc3 Qe6 29. Rd2 Kh7 30. Bd7 Qf6 31. Bxc8 Qf7
32. Bg4 Bd3 33. Be2 e4 34. Bd4 e3 35. fxe3 Qe6 36. Bxd3 Qxe3+
37. Bxe3 Bxc3 38. bxc3 1-0

[Event "Mindsports"]
[Site "Beijing CHN"]
[Date "2008.10.14"]
[EventDate "2008.10.14"]
[Round "1"]
[Result "0-1"]
[White "Nelly Massiel Estrada Gaspar"]
[Black "Natalia Pogonina"]
[WhiteElo "2086"]
[BlackElo "2474"]
[PlyCount "60"]

1. e4 c5 2. Nf3 d6 3. d4 cxd4 4. Nxd4 Nf6 5. Nc3 g6 6. Bg5 Bg7
7. Qd2 O-O 8. Bc4 Nc6 9. O-O-O Bd7 10. Kb1 Nxe4 11. Nxe4 Nxd4
12. Nxd6 Be6 13. Bxe6 Nxe6 14. Ne4 Qb6 15. c3 Nxg5 16. Nxg5
Rac8 17. Rc1 h6 18. Ne4 Rfd8 19. Qe1 Qb5 20. Ka1 Qc4 21. Nd2
Qd5 22. Nf3 e6 23. Qe3 b5 24. Rhe1 a5 25. g4 b4 26. Ne5 bxc3
27. bxc3 g5 28. Re2 Rc5 29. Nf3 Rxc3 30. Rxc3 Bxc3+ 0-1

[Event "Mindsports"]
[Site "Beijing CHN"]
[Date "2008.10.14"]
[EventDate "2008.10.14"]
[Round "2"]
[Result "1-0"]
[White "Natalia Pogonina"]
[Black "Maria Machalova"]
[WhiteElo "2474"]
[BlackElo "2187"]
[PlyCount "67"]

1. e4 c5 2. Nf3 Nc6 3. d4 cxd4 4. Nxd4 g6 5. c4 Bg7 6. Be3 Nf6
7. Nc3 d6 8. Be2 O-O 9. O-O Bd7 10. Qd2 Nxd4 11. Bxd4 Bc6
12. f3 a5 13. b3 Nd7 14. Be3 Nc5 15. Rab1 Qb6 16. Rfc1 Rfc8
17. Kh1 Qd8 18. Bd1 h5 19. a3 Kh7 20. b4 axb4 21. axb4 Na4
22. Bxa4 Bxa4 23. Nd5 Rcb8 24. b5 b6 25. Qf2 Bh6 26. f4 e5
27. Bxb6 Qc8 28. Be3 exf4 29. Bxf4 Bxf4 30. Qxf4 Qb7 31. Qxd6
Rd8 32. Qe5 Rac8 33. Qa1 Qa7 34. Rb4 1-0

[Event "Mindsports"]
[Site "Beijing CHN"]
[Date "2008.10.15"]
[EventDate "2008.10.14"]
[Round "4"]
[Result "1/2-1/2"]
[White "Natalia Pogonina"]
[Black "Le Thao Nguyen Pham"]
[WhiteElo "2474"]
[BlackElo "2304"]
[PlyCount "122"]

1. e4 c5 2. Nf3 e6 3. d4 cxd4 4. Nxd4 a6 5. Bd3 Bc5 6. Nb3 Ba7
7. O-O Ne7 8. Qg4 O-O 9. Qg3 Nbc6 10. Nc3 d6 11. Bf4 e5
12. Bh6 Ng6 13. Bg5 Nce7 14. Nd5 f6 15. Bc4 Kh8 16. Nxe7 Nxe7
17. Be3 b5 18. Be2 Bb7 19. Bxa7 Rxa7 20. Qe3 Qa8 21. f3 d5
22. Nc5 d4 23. Qd2 Rc8 24. b4 Bc6 25. c3 Rd8 26. Qb2 a5 27. a3
Ng6 28. Rfd1 dxc3 29. Qxc3 h6 30. Rxd8+ Qxd8 31. Rd1 Qa8
32. Ne6 axb4 33. axb4 Kh7 34. h3 Ra2 35. Bf1 Be8 36. Qc5 Bf7
37. Nc7 Qa4 38. Rc1 Bc4 39. Nxb5 Bxf1 40. Nc3 Rxg2+ 41. Kxf1
Qa3 42. Kxg2 Qxc1 43. Ne2 Qd2 44. Kf1 Qd3 45. Qc3 Qb5 46. Kf2
Nf4 47. Nxf4 exf4 48. Qc5 Qb7 49. b5 Qa8 50. Qf5+ Kh8 51. Qxf4
Qa2+ 52. Kg3 Qb1 53. Qb8+ Kh7 54. Qb6 Qe1+ 55. Kg2 Qe2+
56. Qf2 Qxb5 57. Qd2 Qe5 58. Qf2 Qg5+ 59. Kh2 Qf4+ 60. Kg2
Qg5+ 61. Kh2 Qf4+ 1/2-1/2

[Event "Mindsports"]
[Site "Beijing CHN"]
[Date "2008.10.15"]
[EventDate "2008.10.14"]
[Round "6"]
[Result "1-0"]
[White "Natalia Pogonina"]
[Black "Kateryna Dolzhykova"]
[WhiteElo "2474"]
[BlackElo "2351"]
[PlyCount "107"]

1. e4 c5 2. Nf3 d6 3. d4 cxd4 4. Nxd4 Nf6 5. Nc3 a6 6. Be2 e5
7. Nb3 Be7 8. O-O O-O 9. Be3 Be6 10. Qd2 Nbd7 11. a4 b6 12. f3
Nc5 13. Nxc5 dxc5 14. Qe1 Qc7 15. Qf2 Rfd8 16. Rfd1 Rd4
17. Kh1 Rxd1+ 18. Rxd1 Qb7 19. Qf1 h6 20. Bf2 a5 21. Bg3 Nd7
22. Bb5 Bf6 23. Nd5 Bg5 24. b3 Re8 25. Bxd7 Bxd7 26. Nxb6 Qxb6
27. Rxd7 Rd8 28. Rxd8+ Qxd8 29. Qd3 Qxd3 30. cxd3 Bf6 31. Kg1
Kf8 32. Kf2 g5 33. Ke2 Ke8 34. Kd2 Kd7 35. Kc3 Kc6 36. Kc4 h5
37. Bf2 Be7 38. Be3 f6 39. h3 h4 40. Bf2 Bd6 41. g3 hxg3
42. Bxg3 Be7 43. Bf2 Bd6 44. h4 gxh4 45. Bxh4 Be7 46. Be1 Bd8
47. Bc3 Bb6 48. Bd2 Bc7 49. Be3 Bd6 50. Bh6 Be7 51. Bg7 Bd8
52. Bf8 Bb6 53. Be7 Ba7 54. Bxf6 1-0